Report of the Consultation on the Application of Article 9 of the FAO Code of Conduct for Responsible Fisheries in the Mediterranean Region, Rome, Italy, 19-23 July 1999 = (Record no. 13101)

000 -LEADER
fixed length control field 01027nam a2200193Ia 4500
020 ## - INTERNATIONAL STANDARD BOOK NUMBER
ISBN 9250043643
040 ## - CATALOGING SOURCE
Transcribing agency CUS
082 ## - DEWEY DECIMAL CLASSIFICATION NUMBER
Classification number 639 FOO 1999 A044 Or.
245 10 - TITLE STATEMENT
Title Report of the Consultation on the Application of Article 9 of the FAO Code of Conduct for Responsible Fisheries in the Mediterranean Region, Rome, Italy, 19-23 July 1999 =
Remainder of title Rapport de la consultation sur l'application de l'article 9 du code de conduite pour une peche responsable de la FAO dans la r©♭gion m©♭diterran©♭enne, Rome, Italie, 19-23 Juillet 1999
246 31 - VARYING FORM OF TITLE
Title proper/short title Rapport de la consultation sur l'application de l'article 9 du code de conduite pour une peche responsable de la FAO dans la r©♭gion m©♭diterran©♭enne
260 ## - PUBLICATION, DISTRIBUTION, ETC. (IMPRINT)
Place of publication Rome :
Name of publisher Food and Agriculture Organization of the United Nations,
Year of publication 1999
300 ## - PHYSICAL DESCRIPTION
Number of Pages vi, 208 p. ;
Dimensions 30 cm
490 1# - SERIES STATEMENT
Series statement FAO fisheries report = FAO rapport sur les p©®ches ;
500 ## - GENERAL NOTE
General note "FIRI/R606 (Bi)."
650 #0 - SUBJECT ADDED ENTRY--TOPICAL TERM
Topical Term Fishes
650 #0 - SUBJECT ADDED ENTRY--TOPICAL TERM
Topical Term Fishes
650 #0 - SUBJECT ADDED ENTRY--TOPICAL TERM
Topical Term Fishery management
942 ## - ADDED ENTRY ELEMENTS (KOHA)
Koha item type សៀវភៅភាសាអង់គ្លេស
952 ## - LOCATION AND ITEM INFORMATION (KOHA)
Withdrawn status [LOCAL, KOHA] 0
Holdings
Permanent Location Date acquired Koha item type Lost status Shelving location Barcode Current Location Full call number
Library Block A2017-08-19សៀវភៅភាសាអង់គ្លេស A044A18724Library Block A639 FOO 1999 A044 Or.
មជ្ឈមណ្ឌលឯការនៃសាកលវិទ្យាល័យភូមិន្ទកសិកម្មចំការដូង

Powered by Koha